| 000 | 00697nam a2200217 i 4500 | ||
|---|---|---|---|
| 001 | bgj | ||
| 100 | 1 | _aBUTZLAFF, Wolfgang. | |
| 245 | 1 | 0 |
_aGoethe : _b"Trostlos zu sein ist Liebenden der schönste Trost" : Gesammelte Studien zu Werk und Rezeption / _cWolfgang Butzlaff. |
| 260 |
_aHildesheim : _bOlms-Weidmann, _c2000. |
||
| 300 |
_a278 S. ; _c21 cm. |
||
| 490 | 1 |
_aGermanistische Texte und Studien ; _vBand 66 |
|
| 505 | _aRegister. | ||
| 600 | 1 | 9 | _aGoethe, Johann Wolfgang von, 1749-1832 |
| 830 | _aGermanistische Texte und Studien ; | ||
| 020 | _a3487111543 | ||
| 040 | _cBPK | ||
| 041 | 0 | _ager | |
| 920 | _a3-487-11154-3 | ||
| 942 | _cKS | ||
| 008 | s gw f |000 0 ger | ||
| 999 |
_c50402 _d50402 |
||
| 856 |
_uhttp://koha.tu.koszalin.pl/cgi-bin/koha/opac-detail.pl?biblionumber=50402 _yKatalog online BPK |
||